14,000 quips & quotes/ (Record no. 504)
[ view plain ]
| 000 -LEADER | |
|---|---|
| fixed length control field | 01131cam a2200313 a 4500 |
| 001 - CONTROL NUMBER | |
| control field | 934029 |
| 003 - CONTROL NUMBER IDENTIFIER | |
| control field | OSt |
| 005 - DATE AND TIME OF LATEST TRANSACTION | |
| control field | 20140310181631.0 |
| 008 - FIXED-LENGTH DATA ELEMENTS--GENERAL INFORMATION | |
| fixed length control field | 830804r19831980nyu 000 0 eng |
| 010 ## - LIBRARY OF CONGRESS CONTROL NUMBER | |
| LC control number | 83016375 |
| 020 ## - INTERNATIONAL STANDARD BOOK NUMBER | |
| International Standard Book Number | 0517427125 (Crown Publishers) |
| Cancelled/invalid ISBN | 0517427425 : |
| Terms of availability | $14.95 |
| 040 ## - CATALOGING SOURCE | |
| Original cataloging agency | DLC |
| Transcribing agency | DLC |
| Modifying agency | DLC |
| 050 00 - LIBRARY OF CONGRESS CALL NUMBER | |
| Classification number | PN 6281 |
| Item number | .M478 1980 |
| 082 00 - DEWEY DECIMAL CLASSIFICATION NUMBER | |
| Classification number | TR 808.88 |
| Item number | M21 1980 |
| 100 1# - MAIN ENTRY--PERSONAL NAME | |
| Personal name | McKenzie, E. C. |
| 9 (RLIN) | 1749 |
| 240 10 - UNIFORM TITLE | |
| Uniform title | <a href="Mac's giant book of quips & quotes">Mac's giant book of quips & quotes</a> |
| 245 10 - TITLE STATEMENT | |
| Title | 14,000 quips & quotes/ |
| Statement of responsibility, etc | by E.C. McKenzie. |
| 260 ## - PUBLICATION, DISTRIBUTION, ETC. (IMPRINT) | |
| Place of publication, distribution, etc | New York : |
| Name of publisher, distributor, etc | Greenwich House : |
| -- | Distributed by Crown Publishers, |
| Date of publication, distribution, etc | 1983, c1980. |
| 300 ## - PHYSICAL DESCRIPTION | |
| Extent | 581 p. ; |
| Dimensions | 25 cm. |
| 521 ## - TARGET AUDIENCE NOTE | |
| Target audience note | |
| 541 ## - IMMEDIATE SOURCE OF ACQUISITION NOTE | |
| -- | 1 |
| 562 ## - COPY AND VERSION IDENTIFICATION NOTE | |
| Number of copies | For circulation. One copy available in the collection |
| 650 #0 - SUBJECT ADDED ENTRY--TOPICAL TERM | |
| Topical term or geographic name as entry element | Epigrams, English. |
| 9 (RLIN) | 1750 |
| 740 0# - ADDED ENTRY--UNCONTROLLED RELATED/ANALYTICAL TITLE | |
| Uncontrolled related/analytical title | 14,000 quips and quotes for writers and speakers. |
| 740 0# - ADDED ENTRY--UNCONTROLLED RELATED/ANALYTICAL TITLE | |
| Uncontrolled related/analytical title | Fourteen thousand quips & quotes for writers & speakers. |
| 856 42 - ELECTRONIC LOCATION AND ACCESS | |
| Materials specified | Publisher description |
| Uniform Resource Identifier | <a href="http://www.loc.gov/catdir/description/random043/83016375.html">http://www.loc.gov/catdir/description/random043/83016375.html</a> |
| 906 ## - LOCAL DATA ELEMENT F, LDF (RLIN) | |
| a | 7 |
| b | cbc |
| c | orignew |
| d | 1 |
| e | ocip |
| f | 19 |
| g | y-gencatlg |
| 942 ## - ADDED ENTRY ELEMENTS (KOHA) | |
| Source of classification or shelving scheme | Library of Congress Classification |
| Koha item type | |
| Call number prefix | |
| Withdrawn status | Lost status | Source of classification or shelving scheme | Damaged status | Home library | Current library | Shelving location | Date acquired | Total Checkouts | Full call number | Barcode | Date last seen | Copy number | Price effective from | Koha item type |
|---|---|---|---|---|---|---|---|---|---|---|---|---|---|---|
| Library of Congress Classification | Luxembourg Library | Luxembourg Library | Teachers Reference Section | 03/10/2012 | PN 6281 .M478 1980 | 16797 | 08/13/2013 | 1 | 10/03/2013 | Books |